[Event "Winterthur"]
[Site "Winterthur"]
[Date "1996.??.??"]
[Round "9"]
[White "Gallagher, Joseph G"]
[Black "Zueger, Beat"]
[Result "1/2-1/2"]
[WhiteElo "2530"]
[BlackElo "2460"]

1.d4 Nf6 2.c4 e6 3.Nf3 Bb4+ 4.Nbd2 b6 5.a3 Bxd2+ 6.Bxd2 Bb7 7.g3 Bxf3 8.exf3 Nc6
9.Be3 O-O 10.Rc1 Ne7 11.Bg2 c6 12.O-O Nf5 13.Qd3 d6 14.Bd2 d5 15.cxd5 Qxd5
16.Bc3 Rfd8 17.f4 Qd7 18.Rfd1 Nd5 19.Be1 Rac8 20.Qe2 Nde7 21.Bc3 Nd5 22.Be1 Nde7
23.Bc3  1/2-1/2

[Event "Oberliga Wuert9697"]
[Site "Wuerttemberg"]
[Date "1996.??.??"]
[Round "?"]
[White "Kindl, Peter"]
[Black "Berezovsky, Igor"]
[Result "0-1"]
[WhiteElo "2310"]
[BlackElo "2430"]

1.d4 e6 2.Nf3 Nf6 3.c4 Bb4+ 4.Nbd2 c5 5.e3 cxd4 6.exd4 O-O 7.Bd3 d5 8.O-O b6
9.Nb3 dxc4 10.Bxc4 Bb7 11.Bg5 Nbd7 12.Ne5 Be7 13.Rc1 Rc8 14.Qe2 Nxe5 15.dxe5 Nd5
16.Bd2 a5 17.Qg4 Kh8 18.Rfd1 Qd7 19.Nd4 Rc5 20.Bd3 Rxc1 21.Rxc1 Nb4 22.Bxb4 Bxb4
23.Rd1 Rd8 24.Bc2 Bd5 25.a3 Bc5 26.Ne2 Qc7 27.Qh4 h6 28.Nc3 Be7 29.Qh5 Bxa3
30.Rxd5 Rxd5 31.Nxd5 Qxc2 32.Ne3 Qc1+ 33.Nf1 Qxb2 34.Qxf7 Qxe5 35.h4 Bc5
36.Ng3 Qxg3  0-1

[Event "Wuerzburg op"]
[Site "Wuerzburg"]
[Date "1996.??.??"]
[Round "7.4"]
[White "Ruzele, Darius"]
[Black "Gipslis, Aivars"]
[Result "1-0"]
[WhiteElo "2465"]
[BlackElo "2465"]

1.d4 Nf6 2.c4 e6 3.Nf3 Bb4+ 4.Nbd2 O-O 5.a3 Be7 6.e3 d5 7.Bd3 b6 8.O-O c5
9.b3 cxd4 10.exd4 Bb7 11.Bb2 Nbd7 12.Qe2 Re8 13.Rac1 Rc8 14.Rfe1 Nh5 15.Bb1 Nf4
16.Qe3 Bg5 17.Nxg5 Qxg5 18.Qg3 Qxg3 19.hxg3 Ng6 20.Nf1 dxc4 21.bxc4 Ba6 22.Ne3 Rc7
23.Nf5 Rd8 24.Ne3 Rdc8 25.Bd3 Ne7 26.Bf1 Nc6 27.Bc3 Nf6 28.d5 Na5 29.Bxa5 bxa5
30.dxe6 fxe6 31.Rcd1 Nd7 32.Rd6 Nb6 33.c5  1-0

[Event "Yerevan ol (Men)"]
[Site "Yerevan"]
[Date "1996.??.??"]
[Round "3"]
[White "Sitanggang, Salor"]
[Black "Martin, Benjamin"]
[Result "1/2-1/2"]
[WhiteElo "2410"]
[BlackElo "2375"]

1.d4 Nf6 2.Nf3 e6 3.c4 Bb4+ 4.Nbd2 b6 5.a3 Bxd2+ 6.Bxd2 Bb7 7.Bf4 d6 8.e3 Nbd7
9.Be2 Qe7 10.h3 O-O 11.O-O Rfd8 12.Bh2 c5 13.b4 Ne4 14.Qb3 Ndf6 15.Rfd1 Rac8
16.Rab1 h6 17.a4 Ba8 18.a5 d5 19.axb6 dxc4 20.Bxc4 cxb4 21.Bc7 Nc3 22.Bxd8 Rxd8
23.Ne5 Nxb1 24.Rxb1 Qb7 25.f3 Qxb6 26.Qxb4 Qxb4 27.Rxb4 Bd5 28.Ba6 Nd7 29.Nd3 Kf8
30.e4 Bc6 31.Kf2 Ke7 32.Ke3 Nb6 33.Rb1 Nd7 34.Rc1 Nb8 35.Nb4 Ba4 36.Ra1 Nxa6
37.Nxa6 Bb5 38.Nc5 a6 39.f4 f6 40.g4 Rc8 41.e5 Rd8 42.h4 Bc4 43.Rb1 Bb5 44.Rc1 fxe5
45.fxe5 Rc8 46.h5 Rf8 47.Nb7 Kd7 48.Nc5+ Ke7 49.Ne4 Kd7 50.g5 hxg5 51.Rg1 Rf5
52.Nd6 Rf1 53.Rxg5 Re1+ 54.Kf3 Rh1 55.Rxg7+ Kc6 56.Re7 Kd5 57.Nxb5 axb5 58.Rd7+ Kc4
59.Kg4 b4 60.d5 exd5 61.e6 b3 62.Rc7+ Kd4 63.Rb7 Re1 64.Kf5 Re5+ 65.Kf6 Rxh5
66.e7 Rh8 67.Rxb3 Kc4 68.Rb7 Re8 69.Rc7+ Kd3 70.Kf7 Rxe7+ 71.Kxe7 d4 72.Kd6 Ke2
73.Re7+ Kf2 74.Kd5 d3 75.Rd7  1/2-1/2

[Event "Yerevan ol (Men)"]
[Site "Yerevan"]
[Date "1996.??.??"]
[Round "4"]
[White "Antonio, Rogelio Jr"]
[Black "Moran, Augusto"]
[Result "0-1"]
[WhiteElo "2530"]
[BlackElo "2400"]

1.d4 Nf6 2.c4 e6 3.Nf3 Bb4+ 4.Nbd2 O-O 5.a3 Be7 6.g3 d5 7.Bg2 Nbd7 8.O-O b6
9.Ne5 Bb7 10.cxd5 exd5 11.Ndf3 c5 12.Bf4 h6 13.Qa4 Nxe5 14.Nxe5 Bd6 15.Nd3 Bxf4
16.Nxf4 c4 17.e3 a6 18.Qd1 b5 19.Nh5 Ne8 20.f3 Nd6 21.Qd2 Re8 22.Rfe1 a5
23.g4 f5 24.gxf5 Nxf5 25.Ng3 Nh4 26.Bh1 Ra6 27.e4 Rg6 28.e5 Nf5 29.Bg2 Nxg3
30.hxg3 Rxg3 31.Qf4 Rg5 32.Re3 Bc8 33.Kf2 Be6 34.Rg1 b4 35.axb4 axb4 36.Ra1 Rf8
37.Qh2 Qb6 38.Qh4 c3 39.Rc1 Qa7 40.bxc3 Qa2+  0-1

[Event "Yerevan ol (Men)"]
[Site "Yerevan"]
[Date "1996.??.??"]
[Round "4"]
[White "Savchenko, Stanislav"]
[Black "Gostisa, Leon"]
[Result "1-0"]
[WhiteElo "2580"]
[BlackElo "2405"]

1.d4 Nf6 2.c4 e6 3.Nf3 Bb4+ 4.Nbd2 O-O 5.a3 Bxd2+ 6.Bxd2 d6 7.Bg5 Nbd7 8.e3 Re8
9.Be2 e5 10.O-O Qe7 11.Rc1 Nf8 12.c5 h6 13.cxd6 cxd6 14.Bxf6 Qxf6 15.dxe5 dxe5
16.Qa4 Re7 17.Qb4 Re6 18.Rc7 Rb6 19.Qc3 Bg4 20.h3 Be6 21.b4 Ng6 22.Rd1 Bf5
23.Qc5 Be4 24.b5 Nh4 25.Nxh4 Qxh4 26.Qc4 Rg6 27.Bg4 h5 28.Qxf7+ Kh8 29.Bf3 Rg8
30.Rc4  1-0

[Event "Yerevan ol (Men)"]
[Site "Yerevan"]
[Date "1996.??.??"]
[Round "4"]
[White "Cramling, Pia"]
[Black "Wallace, John Paul"]
[Result "1-0"]
[WhiteElo "2545"]
[BlackElo "2365"]

1.d4 Nf6 2.c4 e6 3.Nf3 Bb4+ 4.Nbd2 b6 5.e3 Bb7 6.Bd3 c5 7.a3 Bxd2+ 8.Bxd2 d6
9.dxc5 bxc5 10.Qc2 Nc6 11.Bc3 Qb6 12.O-O a5 13.Rfd1 Ne7 14.Nd2 Ng6 15.f3 O-O
16.Nf1 Nd7 17.Be2 Nde5 18.Ng3 d5 19.h4 d4 20.exd4 cxd4 21.Bxd4 Qc7 22.Nh5 Nxh4
23.Qc3 f6 24.Bf2 Neg6 25.b4 e5 26.c5 e4 27.Bg3 Qc8 28.fxe4 Kh8 29.Qe1 Re8
30.Bxh4 Rxe4 31.Bf2 Qe6 32.Ng3 Nf4 33.Nxe4 Nxg2 34.Qd2 h5 35.Nd6 Rd8 36.Nf7+ Qxf7
37.Qxd8+ Kh7 38.Bd3+ f5 39.Qg5  1-0

[Event "Yerevan ol (Women)"]
[Site "Yerevan"]
[Date "1996.??.??"]
[Round "4"]
[White "Petek Medic, Mirjana"]
[Black "Ankerst, Milka"]
[Result "1/2-1/2"]
[WhiteElo "2315"]
[BlackElo "2195"]

1.d4 Nf6 2.c4 e6 3.Nf3 Bb4+ 4.Nbd2 d5 5.Qa4+ Nc6 6.e3 O-O 7.a3 Bxd2+ 8.Bxd2 Re8
9.Be2 Ne4 10.Rd1 Qd6 11.O-O Nxd2 12.Rxd2 Bd7 13.Qc2 Rac8 14.Ng5 g6 15.c5 Qe7
16.f4 f6 17.Nf3 Nd8 18.Bd3 Qg7 19.b4 a6 20.Re1 Bb5 21.a4 Bxd3 22.Qxd3 Qd7
23.b5 axb5 24.axb5 Ra8 25.Rb2 b6 26.Rc1 Nf7 27.h3 Ra5 28.cxb6 cxb6 29.Nd2 Nd6
30.Rc6 Rb8 31.e4 Nxb5 32.Rbc2 dxe4 33.Nxe4 Qxd4+ 34.Qxd4 Nxd4 35.Rc8+ Rxc8
36.Rxc8+ Kg7 37.Rc7+ Kh6 38.Nxf6 Ne2+ 39.Kf2 Nxf4 40.Rxh7+ Kg5 41.Ne4+ Kf5
42.Nd6+ Kg5 43.Ne4+ Kf5  1/2-1/2

[Event "Yerevan ol (Men)"]
[Site "Yerevan"]
[Date "1996.??.??"]
[Round "7"]
[White "Simonenko, Sergei"]
[Black "Torres, Jose Arturo"]
[Result "1/2-1/2"]
[WhiteElo "2365"]
[BlackElo "2165"]

1.d4 Nf6 2.Nf3 e6 3.c4 Bb4+ 4.Nbd2 b6 5.a3 Bxd2+ 6.Bxd2 Bb7 7.Bg5 d6 8.e3 Nbd7
9.Bh4 O-O 10.Be2 Re8 11.O-O Nf8 12.b4 Ng6 13.Bxf6 Qxf6 14.Qc2 c5 15.dxc5 dxc5
16.bxc5 bxc5 17.Rab1 Bc6 18.Rfd1 Red8 19.Rxd8+ Rxd8 20.Qb2 Qxb2 21.Rxb2 Kf8
22.Kf1 Ke7 23.g3 Kf6  1/2-1/2

[Event "Yerevan ol (Women)"]
[Site "Yerevan"]
[Date "1996.??.??"]
[Round "7"]
[White "Galliamova, Alisa"]
[Black "Litinskaya, Marta I"]
[Result "1-0"]
[WhiteElo "2475"]
[BlackElo "2345"]

1.d4 Nf6 2.c4 e6 3.Nf3 Bb4+ 4.Nbd2 b6 5.e3 Bb7 6.Bd3 O-O 7.a3 Bxd2+ 8.Bxd2 Ne4
9.Bb4 d6 10.Qc2 f5 11.O-O-O Nd7 12.Rhg1 a5 13.Be1 c5 14.g4 cxd4 15.gxf5 Ndc5
16.Nxd4 Nxd3+ 17.Rxd3 Nc5 18.Nxe6 Nxe6 19.fxe6 Be4 20.Qc3 Ra7 21.Rd4 Bf5
22.e4 Bxe6 23.Qg3 Rff7 24.Rxd6 Qc8 25.Rxe6 Rfc7 26.Qe5  1-0

[Event "Yerevan ol (Men)"]
[Site "Yerevan"]
[Date "1996.??.??"]
[Round "9"]
[White "San Segundo, Pablo"]
[Black "Supatashvili, Khvicha"]
[Result "1/2-1/2"]
[WhiteElo "2505"]
[BlackElo "2445"]

1.d4 Nf6 2.Nf3 e6 3.c4 Bb4+ 4.Nbd2 b6 5.a3 Bxd2+ 6.Bxd2 Bb7 7.Bg5 d6 8.e3 Nbd7
9.Bh4 Qe7 10.Bd3 c5 11.O-O O-O 12.Re1 Rfe8 13.Rc1 e5 14.Bf5 Nf8 15.Nd2 Ng6
16.Bxf6 Qxf6 17.Be4 Qe7 18.dxe5 dxe5 19.Qc2 Rad8 20.Rcd1 Bxe4 21.Nxe4 Qe6
22.Qa4 f5 23.Nc3 Nh4 24.Rxd8 Rxd8 25.Rd1 Rf8 26.Nd5 Kh8 27.Qc2 Qg6 28.f4 exf4
29.exf4  1/2-1/2

[Event "Yerevan ol (Men)"]
[Site "Yerevan"]
[Date "1996.??.??"]
[Round "11"]
[White "Garcia Ilundain, David"]
[Black "Dizdarevic, Emir"]
[Result "1/2-1/2"]
[WhiteElo "2520"]
[BlackElo "2505"]

1.d4 Nf6 2.Nf3 e6 3.c4 Bb4+ 4.Nbd2 b6 5.a3 Bxd2+ 6.Bxd2 Bb7 7.Bg5 d6 8.e3 Nbd7
9.Bh4 O-O 10.Bd3 Re8 11.O-O Nf8 12.Nd2 Ng6 13.Bg3 c5 14.dxc5 dxc5 15.Qc2 Nh5
16.Rad1 Nxg3 17.hxg3 Qc7 18.Be4 Rad8 19.Bxb7 Qxb7 20.Ne4 Qc6 21.Nc3 Ne5 22.b3 f6
23.Ne2 Ng6 24.Nf4 Nf8 25.Rfe1 Qc7 26.Qe2 Rxd1 27.Rxd1 Rd8 28.Rd3 Kf7 29.Qh5+ Ke7
30.Qg4 g5 31.Rxd8 Qxd8 32.Nh5 Qd3 33.Qf3 Nd7 34.g4 Qxb3 35.Qe4 Qd1+ 36.Kh2 f5
37.Qa8 Qxg4 38.Ng7 Qxc4 39.Qe8+ Kd6 40.Qd8 Qd5 41.Ne8+ Ke5 42.f3 Qc6 43.Qxg5 Kd5
44.Qh4 Qc8 45.Qe7 Qc6 46.Qh4 Qc8 47.Qe7 Qc6  1/2-1/2

[Event "Yerevan ol (Men)"]
[Site "Yerevan"]
[Date "1996.??.??"]
[Round "12"]
[White "Moreira, Jairo"]
[Black "Wagener, Claude"]
[Result "1/2-1/2"]
[WhiteElo "2180"]
[BlackElo "2185"]

1.d4 e6 2.Nf3 Nf6 3.c4 Bb4+ 4.Nbd2 b6 5.e3 Bb7 6.Bd3 O-O 7.O-O d5 8.cxd5 exd5
9.Ne5 Nbd7 10.f4 Ne4 11.Qc2 Bxd2 12.Bxd2 Nxd2 13.Qxd2 Nf6 14.Rac1 Qd6 15.Qc2 c6
16.Bf5 g6 17.Bh3 Rfe8 18.Rfe1 Re7 19.g4 Ne4 20.g5 Rc7 21.Bg2 c5 22.Bxe4 dxe4
23.Ng4 Qe6 24.Nf6+ Kg7 25.Qc3 Kf8 26.Red1 Qh3 27.d5 Rd8 28.d6 Rc6 29.Nxe4 Rcxd6
30.Qh8+ Ke7 31.Qe5+ Kf8 32.Rxd6 Qxe3+ 33.Nf2 Qxc1+ 34.Nd1 Rxd6  1/2-1/2

[Event "Zadar op"]
[Site "Zadar"]
[Date "1996.??.??"]
[Round "?"]
[White "Cebalo, Miso"]
[Black "Dizdar, Goran"]
[Result "1/2-1/2"]
[WhiteElo "2495"]
[BlackElo "2525"]

1.d4 Nf6 2.Nf3 e6 3.c4 Bb4+ 4.Nbd2 O-O 5.g3 d5 6.Bg2 b6 7.O-O Bb7 8.cxd5 exd5
9.Ne5 Be7 10.Ndf3 c5 11.Bf4 Na6 12.Rc1 Ne4 13.Nd2 Bf6 14.Nxe4 dxe4 15.dxc5 Nxc5
16.Nc4 Ne6 17.Nd6 Nxf4 18.gxf4 Qe7 19.Nxb7 Qxb7 20.Rc4 Rac8 21.Bxe4 Qe7 22.Rxc8 Rxc8
23.Qd3 g6 24.b3 Rd8 25.Qf3 Rd4 26.Bb1 Qc7 27.e3 Rd2 28.Rd1 Qd8 29.Rxd2 Qxd2
30.Kg2 Qb2 31.Qe4 Bh4 32.Qc2 Qxc2 33.Bxc2 Kf8 34.f5 Ke7 35.fxg6 hxg6 36.f4 f5
37.Kf3 Kf6 38.b4 a5 39.b5  1/2-1/2

[Event "Zalakaros op"]
[Site "Zalakaros"]
[Date "1996.??.??"]
[Round "9"]
[White "Pospelov, Evgeny"]
[Black "Horvath, Sandor"]
[Result "0-1"]
[WhiteElo "2370"]
[BlackElo "2295"]

1.d4 Nf6 2.c4 e6 3.Nf3 Bb4+ 4.Nbd2 b6 5.a3 Bxd2+ 6.Bxd2 Bb7 7.Bg5 h6 8.Bh4 d6
9.e3 Nbd7 10.Nd2 g5 11.Bg3 Qe7 12.b4 c5 13.h4 Rg8 14.hxg5 hxg5 15.Rh2 e5
16.dxc5 dxc5 17.Qb3 Ng4 18.Rh7 O-O-O 19.O-O-O Nf8 20.Rh1 f5 21.f3 Nf6 22.Bd3 f4
23.Bf5+ Kb8 24.exf4 gxf4 25.Bh4 Ne6 26.Ne4 Bxe4 27.Bxe4 Rxg2 28.Bxf6 Qxf6
29.Rh7 Nd4 30.Rxd4 Rxd4 31.Rb7+ Kc8 32.Qa4 Qe6 33.Bf5 Rg1+ 34.Kb2 Rb1+ 35.Kc3 Rc1+
36.Kb2 Rb1+ 37.Kc3 cxb4+ 38.axb4 Rxc4+  0-1

[Event "Zaragoza op"]
[Site "Zaragoza"]
[Date "1996.??.??"]
[Round "9"]
[White "Komljenovic, Davor"]
[Black "Wahls, Matthias"]
[Result "0-1"]
[WhiteElo "2475"]
[BlackElo "2555"]

1.d4 Nf6 2.c4 e6 3.Nf3 Bb4+ 4.Nbd2 O-O 5.a3 Be7 6.e4 d5 7.e5 Nfd7 8.Bd3 c5
9.cxd5 exd5 10.Qc2 h6 11.O-O Nc6 12.Re1 Re8 13.dxc5 a5 14.Nb3 a4 15.Nbd4 Nxc5
16.Be3 Nxd3 17.Qxd3 Bg4 18.h3 Bxf3 19.Nxf3 Bf8 20.Bd4 Qa5 21.Bc3 Qc5 22.Rac1 Qc4
23.Qxc4 dxc4 24.Nd2 b5 25.f4 Ne7 26.Ne4 Nd5 27.g3 Rad8 28.Red1 h5 29.Kf2 h4
30.Nd6 hxg3+ 31.Kf3 Nxc3 32.bxc3 Bxd6 33.Rxd6 Kf8 34.Rcd1 Ke7 35.Kxg3 Rxd6
36.exd6+ Kd7 37.Rd5 b4 38.cxb4 c3 39.Rd1 Rc8 40.Kf3 c2 41.Rc1 Kxd6 42.Ke4 Rc4+
43.Kd3 Rxf4 44.Kxc2 Rf2+ 45.Kb1 Rf3 46.Kb2 Rxh3 47.Rc8 Rh2+ 48.Kb1 f6 49.Rc5 g5
50.Ra5 g4 51.b5 g3 52.Rxa4 g2  0-1

[Event "Beersheba 16th"]
[Site "Beersheba"]
[Date "1997.03.02"]
[Round "6"]
[White "Greenfeld, Alon"]
[Black "Rozentalis, Eduardas"]
[Result "1/2-1/2"]
[WhiteElo "2520"]
[BlackElo "2650"]

1.d4 Nf6 2.c4 e6 3.Nf3 Bb4+ 4.Nbd2 b6 5.a3 Bxd2+ 6.Bxd2 O-O 7.Bg5 Bb7 8.e3 d6
9.Be2 Nbd7 10.O-O h6 11.Bh4 Qe7 12.Nd2 c5 13.b4 Rfe8 14.Re1 Rac8 15.Qb3 Nf8
16.Bd3  1/2-1/2

[Event "Beersheba 16th"]
[Site "Beersheba"]
[Date "1997.03.03"]
[Round "7"]
[White "Mikhalevski, Victor"]
[Black "Finkel, Alexander"]
[Result "0-1"]
[WhiteElo "2535"]
[BlackElo "2505"]

1.d4 Nf6 2.c4 e6 3.Nf3 Bb4+ 4.Nbd2 b6 5.a3 Bxd2+ 6.Bxd2 Bb7 7.Bg5 d6 8.e3 Nbd7
9.Qc2 Qe7 10.Bd3 h6 11.Bh4 c5 12.b4 Rc8 13.bxc5 dxc5 14.Ne5 cxd4 15.exd4 Qd6
16.Nxd7 Qxd4 17.Nxf6+ gxf6 18.Rd1 Qxh4 19.Qa4+ Bc6 20.Qxa7 Bxg2 21.Rg1 Qxh2
22.Kd2 Bf3 23.Rg7 Qc7 24.Qxc7 Rxc7 25.Rb1 Rb7 26.Ke3 Bc6 27.Rb3 f5 28.f4 Ke7
29.Rg3 h5 30.Rh3 h4 31.Rb2 Kd6 32.Rbh2 Ra7 33.Kd4 Rxa3 34.Bxf5 Rha8 35.Rxa3 Rxa3
36.Bd3 f6 37.Rxh4 e5+ 38.fxe5+ fxe5+ 39.Ke3 e4 40.Rh6+ Kc5 41.Rxc6+ Kxc6
42.Kxe4 Kc5 43.Ke3 Rc3 44.Kd2 Rxc4 45.Bxc4 Kxc4 46.Kc2 b5 47.Kb2 Kb4 48.Ka2 Kc3
49.Ka3 b4+ 50.Ka2 Kc2 51.Ka1 Kb3 52.Kb1 Ka3 53.Ka1 b3  0-1

[Event "St Petersburg-ch"]
[Site "St Petersburg"]
[Date "1997.03.05"]
[Round "2"]
[White "Stotika, V."]
[Black "Taimanov, Mark E"]
[Result "1/2-1/2"]
[WhiteElo "2255"]
[BlackElo "2425"]

1.d4 Nf6 2.c4 e6 3.Nf3 Bb4+ 4.Nbd2 O-O 5.a3 Bxd2+ 6.Bxd2 d6 7.Qc2 Qe7 8.g3 e5
9.dxe5 dxe5 10.Bg2 Nc6 11.Bc3 Rd8 12.O-O Nd4 13.Bxd4 exd4 14.c5 Bg4 15.Rfd1 Bxf3
16.Bxf3 c6 17.Rd2 Rd7 18.Rad1 Rad8 19.Qf5 h6 20.h4 Qe6 21.Qc2 Qe5 22.Qc4 g5
23.hxg5 hxg5 24.b4 Kg7 25.a4 a6 26.b5 axb5 27.axb5 Ne4 28.Bxe4 Qxe4 29.Qd3 Qd5
30.bxc6 bxc6 31.e3 Qxc5 32.exd4 Qd5 33.Qe3 f6 34.f3 Qd6 35.Kg2 Re7 36.Qd3 Qe6
37.Rh1 Rh8 38.Rxh8 Kxh8 39.d5 cxd5  1/2-1/2

[Event "St Petersburg-ch"]
[Site "St Petersburg"]
[Date "1997.03.09"]
[Round "5"]
[White "Ionov, Sergey"]
[Black "Mishuchkov, Nikolai M"]
[Result "1/2-1/2"]
[WhiteElo "2530"]
[BlackElo "2395"]

1.d4 Nf6 2.c4 e6 3.Nf3 Bb4+ 4.Nbd2 O-O 5.a3 Be7 6.e4 d5 7.e5 Nfd7 8.cxd5 exd5
9.b4 Re8 10.Bd3 b6 11.Qc2 h6 12.O-O c5 13.dxc5 bxc5 14.Bb2 Bf8 15.Rfe1 a5
16.Bf5 Ra6 17.e6 fxe6 18.Bg6 cxb4 19.Bxe8 Qxe8 20.Nd4 Rb6 21.Nxe6 Rc6 22.Qf5 Nf6
23.Bxf6 Bxe6 24.Bb2 Bxf5 25.Rxe8 Rc2 26.Be5 Rxd2 27.Rxb8 Kf7 28.axb4 Bxb4
29.Rb7+ Ke6 30.Bxg7 Bc5 31.Re1+ Be4 32.Rf1 Bd3 33.Re1+ Be4 34.Rf1 Bd3 35.Re1+ Be4  1/2-1/2

[Event "Beersheba 16th"]
[Site "Beersheba"]
[Date "1997.03.??"]
[Round "9"]
[White "Mikhalevski, Victor"]
[Black "Kortschnoj, Viktor"]
[Result "1-0"]
[WhiteElo "2535"]
[BlackElo "2635"]

1.d4 Nf6 2.c4 e6 3.Nf3 Bb4+ 4.Nbd2 d5 5.a3 Be7 6.g3 c5 7.dxc5 a5 8.cxd5 exd5
9.Bg2 Bxc5 10.Nb3 Bb6 11.Nbd4 O-O 12.b3 Nc6 13.Bb2 Re8 14.O-O Bg4 15.Nxc6 bxc6
16.Ne5 Bh5 17.Nxc6 Qd6 18.Nd4 Rab8 19.Bf3 Bg6 20.e3 Ne4 21.Bg2 Bc5 22.a4 Bb4
23.Nb5 Qf8 24.Qd4 Nd2 25.Qxd5 Rbd8 26.Qg5 Nxf1 27.Bxf1 Re4 28.Nd4 Rc8 29.Qb5 h6
30.Bg2 Ree8 31.Bb7 Rc5 32.Qa6 Rd8 33.Bg2 Qe8 34.Qa7 Be4 35.Bxe4 Qxe4 36.Qb6 Rdc8
37.Rf1 Qd5 38.Qa6 Bc3 39.Bxc3 Rxc3 40.Nb5 Rc1 41.Nd4 Qe4 42.Qxa5 Qb1 43.Rxc1 Rxc1+
44.Kg2 Qe4+ 45.Nf3 Rc8 46.Qb5 g5 47.h3 Rc6 48.Qb7 f5 49.Qb8+ Kg7 50.Qa7+ Kg8
51.Qd4 Qe6 52.Qd8+ Kh7 53.Nd4 Qe4+ 54.f3 Rc2+ 55.Nxc2 Qxc2+ 56.Kf1 Qxb3 57.Qd7+ Kg6
58.Qc6+ Kh7 59.Ke2 h5 60.Kd2 g4 61.fxg4 hxg4 62.hxg4 Qb4+ 63.Qc3 Qxg4 64.Qc7+ Kg6
65.Qd6+ Kf7 66.Qf4 Qh3 67.e4 Qg2+ 68.Kc3 Qa2 69.Qxf5+ Kg7 70.Qe5+ Kh7 71.Kb4 Qb1+
72.Ka5 Qb7 73.g4 Qa7+ 74.Kb5 Qb7+ 75.Kc4 Qc6+ 76.Kb3 Qb6+ 77.Kc2 Qc6+ 78.Kb3 Qb6+
79.Ka2 Qf2+ 80.Qb2 Qc5 81.Qe2 Qc6 82.Qh2+ Kg8 83.Qb8+ Kh7 84.Qa7+ Kh6 85.Qe3+ Kh7
86.Qd4 Kh6 87.a5 Qe6+ 88.Ka3 Kh7 89.Qd5 Qe7+ 90.Kb3 Qc7 91.e5 Qb8+ 92.Kc4 Qc8+
93.Kb5 Qxg4 94.a6 Qe2+ 95.Kb6 Qb2+ 96.Kc6 Qb8 97.Qd7+ Kh8 98.a7 Qf8 99.Qh3+ Kg8
100.Qg4+ Kh7 101.Qh4+ Kg8 102.Qg5+ Kh7 103.Qf6 Qa8+ 104.Kb6 Qd5 105.Qe7+ Kg8
106.Qe8+ Kh7 107.a8=Q Qd4+ 108.Kc7 Qc5+ 109.Qac6 Qa5+ 110.Kc8  1-0

[Event "RUS-Cup9"]
[Site "Novgorod"]
[Date "1997.06.12"]
[Round "2"]
[White "Yakovich, Yuri"]
[Black "Lopushnoy, Denis"]
[Result "1-0"]
[WhiteElo "2575"]
[BlackElo "2290"]

1.d4 Nf6 2.c4 e6 3.Nf3 Bb4+ 4.Nbd2 O-O 5.a3 Be7 6.e4 d5 7.Bd3 dxe4 8.Nxe4 Nc6
9.Be3 Nxe4 10.Bxe4 f5 11.Bxc6 bxc6 12.O-O Bf6 13.Qa4 c5 14.Rad1 Qe8 15.Qa5 Qc6
16.d5 exd5 17.cxd5 Qb6 18.Qxc5 Qxb2 19.Qxc7 Ba6 20.Rfe1 Rf7 21.Qd6 Bc4 22.Bd4 Qb7
23.Bxf6 Rxf6 24.Re6 Rf7 25.Qe5 Rd8 26.Re8+ Rf8  1-0

[Event "Drury Lane"]
[Site "London"]
[Date "1997.06.17"]
[Round "2"]
[White "Kumaran, Dharshan"]
[Black "Dunnington, Angus J"]
[Result "1-0"]
[WhiteElo "2500"]
[BlackElo "2445"]

1.d4 Nf6 2.c4 e6 3.Nf3 Bb4+ 4.Nbd2 b6 5.g3 Bb7 6.Bg2 O-O 7.O-O c5 8.a3 Bxd2
9.Qxd2 cxd4 10.Qxd4 Nc6 11.Qh4 Na5 12.Bg5 h6 13.Bxf6 Qxf6 14.Qxf6 gxf6 15.Nd2 Bxg2
16.Kxg2 f5 17.Rac1 Rfc8 18.e4 fxe4 19.b4 e3 20.fxe3 Nc6 21.Nf3 Rc7 22.e4 Rac8
23.Rcd1 Rd8 24.Kh3 f6 25.Nd4 Nxd4 26.Rxd4 Kf7 27.e5 f5 28.g4 Rdc8 29.gxf5 exf5
30.Rxf5+ Ke7 31.Rff4 Rg8 32.Rf6 Rg5 33.Rxh6 Rxe5 34.Rg6 Re3+ 35.Rg3 Rxg3+
36.Kxg3 Ke6 37.Kf4 Rc8 38.Re4+ Kd6 39.h4 Rf8+ 40.Kg5 Rg8+ 41.Kf6 Rf8+ 42.Kg7 Rf3
43.a4 a5 44.bxa5 bxa5 45.h5 Rg3+ 46.Kf6 Rf3+ 47.Kg5 Kc5 48.h6  1-0

[Event "Schahin Cury"]
[Site "Americana"]
[Date "1997.07.08"]
[Round "1"]
[White "Sorin, Ariel"]
[Black "Urday, Henry"]
[Result "1/2-1/2"]
[WhiteElo "2460"]
[BlackElo "2445"]

1.d4 Nf6 2.c4 e6 3.Nf3 Bb4+ 4.Nbd2 O-O 5.e3 b6 6.Bd3 Bb7 7.O-O d5 8.a3 Be7
9.b4 a5 10.b5 Nbd7 11.Qc2 h6 12.cxd5 exd5 13.a4 Rc8 14.Ba3 c5 15.bxc6 Rxc6
16.Qb3 Bxa3 17.Qxa3 Qc7 18.Bb5 Rc3 19.Rac1 Rc8 20.Rxc3 Qxc3 21.Nb3 Qc7 22.Rc1 Qb8
23.Nbd2 Rxc1+ 24.Qxc1 Qd6 25.Qc3 Ne8 26.Ne5 Ndf6 27.f3 Qc7 28.Qb2 Nd6 29.Bd3 Bc8
30.Nb1 Bf5 31.Qc3 Qb7 32.Bxf5 Nxf5 33.Na3 Nd6 34.Qc6 Qxc6 35.Nxc6 Kf8 36.Kf2 Ke8
37.Ke2 Kd7 38.Ne5+ Ke6 39.Kd3 Nfe8 40.g4 g5 41.Nc6 Kd7 42.Na7 Nc7 43.e4 f6
44.Ke3 Ke7 45.Nb1 Nc4+ 46.Kf2 Ne6 47.Nb5 Nf4 48.N1c3 dxe4 49.fxe4 Kd7 50.Nd1  1/2-1/2

[Event "Politiken Cup"]
[Site "Copenhagen"]
[Date "1997.07.09"]
[Round "5"]
[White "Bradbury, Neil H"]
[Black "Fant, Goran"]
[Result "1-0"]
[WhiteElo "2335"]
[BlackElo "2070"]

1.d4 e6 2.Nf3 Nf6 3.c4 Bb4+ 4.Nbd2 Ne4 5.g3 b6 6.Bg2 Bb7 7.O-O Nxd2 8.Bxd2 Bxd2
9.Qxd2 d6 10.Rfe1 Nd7 11.e4 e5 12.Qc3 Qe7 13.dxe5 Nxe5 14.Nd4 f6 15.f4 Nd7
16.e5 O-O-O 17.Bxb7+ Kxb7 18.Qf3+ Ka6 19.b4 dxe5 20.b5+  1-0

[Event "Politiken Cup"]
[Site "Copenhagen"]
[Date "1997.07.10"]
[Round "6"]
[White "Stojanovski, Sandi"]
[Black "Grigorian, Meri"]
[Result "1-0"]
[WhiteElo "2230"]
[BlackElo "2085"]

1.d4 Nf6 2.Nf3 e6 3.c4 Bb4+ 4.Nbd2 b6 5.a3 Bxd2+ 6.Bxd2 Bb7 7.Bg5 d6 8.e3 Nbd7
9.Be2 h6 10.Bh4 O-O 11.O-O Re8 12.Nd2 e5 13.d5 Nf8 14.f3 Ng6 15.Bf2 Nh7 16.Qc2 Bc8
17.Bd3 Ngf8 18.b4 Bb7 19.f4 exf4 20.exf4 a5 21.Bd4 axb4 22.axb4 Rxa1 23.Rxa1 c5
24.dxc6 Bxc6 25.Ra6 Qh4 26.g3 Qh3 27.Nf1 Re1 28.Rxb6 Rc1 29.Qf2 Rd1 30.Bxh7+ Kxh7  1-0

[Event "Schahin Cury"]
[Site "Americana"]
[Date "1997.07.12"]
[Round "5"]
[White "Sorin, Ariel"]
[Black "Vescovi, Giovanni"]
[Result "1-0"]
[WhiteElo "2460"]
[BlackElo "2480"]

1.d4 Nf6 2.c4 e6 3.Nf3 Bb4+ 4.Nbd2 b6 5.e3 Bb7 6.Bd3 c5 7.a3 Bxd2+ 8.Bxd2 d6
9.Bc3 O-O 10.O-O Nbd7 11.b4 Qe7 12.Nd2 Rac8 13.Rc1 Rfd8 14.e4 cxd4 15.Bxd4 Ne5
16.Bb1 Qc7 17.f4 Ned7 18.Qe2 e5 19.Bb2 exf4 20.Rxf4 Re8 21.Rcf1 d5 22.cxd5 Bxd5
23.Bxf6 Nxf6 24.Rxf6  1-0

[Event "Politiken Cup"]
[Site "Copenhagen"]
[Date "1997.07.12"]
[Round "7"]
[White "Olsen, Peter Erik"]
[Black "Salo, Tapio"]
[Result "1/2-1/2"]
[WhiteElo "2240"]
[BlackElo "2325"]

1.d4 Nf6 2.c4 e6 3.Nf3 Bb4+ 4.Nbd2 b6 5.g3 Bb7 6.Bg2 O-O 7.O-O d5 8.Ne5 Na6
9.Ndf3 Ne4 10.Qa4 Bd6 11.cxd5 exd5 12.Bf4 Re8 13.Bh3 Qe7 14.Bd7 Nac5 15.dxc5 Nxc5
16.Bxe8 Nxa4 17.Bxa4 Bxe5 18.Bxe5 c5 19.Bb5 a6 20.Bd3 f6 21.Bc3 b5  1/2-1/2

[Event "RUS-Cup10"]
[Site "Tomsk"]
[Date "1997.07.28"]
[Round "7"]
[White "Yakovich, Yuri"]
[Black "Ulibin, Mikhail"]
[Result "1/2-1/2"]
[WhiteElo "2610"]
[BlackElo "2535"]

1.d4 e6 2.c4 Nf6 3.Nf3 Bb4+ 4.Nbd2 O-O 5.a3 Be7 6.e4 d5 7.Bd3 c5 8.dxc5 dxe4
9.Nxe4 Nxe4 10.Bxe4 Qxd1+ 11.Kxd1 Bxc5 12.b4 Be7 13.Kc2 Nd7 14.Bb2  1/2-1/2

[Event "FRA-ch"]
[Site "Narbonne"]
[Date "1997.08.19"]
[Round "5"]
[White "Chabanon, Jean Luc"]
[Black "Degraeve, Jean Marc"]
[Result "1-0"]
[WhiteElo "2455"]
[BlackElo "2540"]

1.d4 Nf6 2.c4 e6 3.Nf3 Bb4+ 4.Nbd2 O-O 5.g3 b6 6.Bg2 Bb7 7.O-O Be7 8.Qc2 d5
9.cxd5 exd5 10.Ne5 c5 11.dxc5 bxc5 12.e4 Qc7 13.f4 dxe4 14.Nxe4 Nxe4 15.Bxe4 Bxe4
16.Qxe4 Nd7 17.Nxf7 Rae8 18.Ne5 Kh8 19.Bd2 Bf6 20.Bc3 Re7 21.Rad1 Rfe8 22.Rxd7  1-0

[Event "ST Lee Cup 4th"]
[Site "Beijing"]
[Date "1997.08.25"]
[Round "3"]
[White "Yakovich, Yuri"]
[Black "Liang Chong"]
[Result "1-0"]
[WhiteElo "2610"]
[BlackElo "2360"]

1.d4 Nf6 2.c4 e6 3.Nf3 Bb4+ 4.Nbd2 b6 5.a3 Bxd2+ 6.Qxd2 Bb7 7.e3 a5 8.b3 O-O
9.Be2 Ne4 10.Qc2 f5 11.O-O d6 12.Ne1 Nd7 13.f3 Nef6 14.Nd3 c5 15.Bb2 Qe7
16.Rad1 e5 17.dxe5 dxe5 18.Nf2 Qe6 19.Rd2 Nb8 20.Rfd1 Nc6 21.Rd6 Qe7 22.Qxf5 Ne8
23.Qe6+ Qxe6 24.Rxe6 Kf7 25.Rxc6 Bxc6 26.Ng4 Ke7 27.Nxe5 Rc8 28.e4 Nf6 29.Nxc6+ Rxc6
30.e5 Nh5 31.g3 g6 32.Bc1 Rf5 33.f4 Ng7 34.Bf3 Rc8 35.Bg4 Rd8 36.Rxd8 Kxd8
37.Bxf5 gxf5 38.Kg2 Ke7 39.Bd2 Kf7 40.b4  1-0

[Event "ISL-ch"]
[Site "Akureyri"]
[Date "1997.09.17"]
[Round "8"]
[White "Hjartarson, Johann"]
[Black "Karason, Askell O"]
[Result "1-0"]
[WhiteElo "2605"]
[BlackElo "2305"]

1.d4 Nf6 2.c4 e6 3.Nf3 Bb4+ 4.Nbd2 b6 5.a3 Bxd2+ 6.Bxd2 Bb7 7.Bg5 h6 8.Bh4 d6
9.e3 Nbd7 10.Qc2 g5 11.Bg3 Ne4 12.Bd3 Nxg3 13.fxg3 Qe7 14.O-O c5 15.Rf2 Nf6
16.Raf1 Ng4 17.Re2 h5 18.Qa4+ Kf8 19.Qc2 Kg7 20.Qc3 Bxf3 21.gxf3 Nf6 22.dxc5 bxc5
23.f4 g4 24.b4 Rac8 25.b5 h4 26.Rg2 hxg3 27.Rxg3 Rh4 28.Rf2 Rg8 29.a4 Kf8
30.Rb2 e5 31.b6 axb6 32.Rxb6 Rgh8 33.Rb2 Kg7 34.a5 e4 35.Bf1 Ra8 36.Rb6 Kg6
37.h3 Kf5 38.Qd2 Rg8 39.Rxd6 Rhh8 40.hxg4+ Rxg4 41.Rxf6+ Kxf6 42.Rxg4  1-0